| 000 | 00373cam a22001217a 4500 | ||
|---|---|---|---|
| 008 | 180718b1966 xxu||||| |||| 00| 0 eng d | ||
| 082 | _aT39 Sa97 | ||
| 100 | _aSawyer, Carole A. | ||
| 245 |
_aCommunist trade with developing countries: 1955-65 _cby Carole A. Sawyer |
||
| 260 |
_aNew York _bPraeger _c1966 |
||
| 300 | _a126p. | ||
| 650 | _aForeign Commerce - Communist Countries | ||
| 999 |
_c374967 _d374967 |
||